000 00436cam a2200181ua 4500
001 10736
008 190330n ii |||gr||||Z||||||eng
020 _a9788176114929
040 _cMAIN
082 _a332.1
100 _aI V Trivedi,
_eAuthor.,
245 _aIndian banking system
260 _aJaipur:
_bRBSA publishers,
_c2010.
300 _a186p.
653 _aFinancial economics
700 _aRenu Jatana,
_eAuthor.
942 _cBK
999 _c9702
_d9702